Modelovanie distribuovanej výroby v NN sieti v prostredí OpenDss

Salvato in:
Dettagli Bibliografici
Autore principale: Masár, Stanislav (Autore)
Altri autori: Bendík, Jozef (Relatore della tesi)
Natura: Manoscritto Libro
Lingua:slovacco
Pubblicazione: Bratislava : STU v Bratislave FEI, 2021
Soggetti:
Accesso online:https://opac.crzp.sk/?fn=detailBiblioForm&sid=7E417B54B864B7C45E26F64635AB&seo=CRZP-detail-kniha
Tags: Aggiungi Tag
Nessun Tag, puoi essere il primo ad aggiungerne!!

MARC

LEADER 00000ntm a22000003a 4500
001 stuzp78936
003 SK-STU
005 20211126125934.9
007 ta
008 150427s2015----xo-----f-mn---000-0-slo-d
040 |a STU  |b slo 
041 0 |a slo 
044 |a xo 
100 1 |a Masár, Stanislav  |u 032000  |4 aut  |U FEI Fakulta elektrotechniky a informatiky  |T FEI Ústav elektroenergetiky a aplikovanej elektrotechniky  |X 86947  |U E020  |Y 548  |7 86947 
242 0 1 |a Modeling of distributed production in LV network in OpenDss  |y eng 
245 1 0 |a Modelovanie distribuovanej výroby v NN sieti v prostredí OpenDss 
260 |a Bratislava :  |b STU v Bratislave FEI,  |c 2021 
300 |a 243 s. 
650 4 |a simulácia  |2 slo 
650 4 |a distribuovaná výroba  |2 slo 
650 4 |a FVE  |2 slo 
650 4 |a Python  |2 slo 
650 4 |a algoritmus  |2 slo 
650 4 |a nadstavba  |2 slo 
650 4 |a OpenDSS  |2 slo 
650 4 |a OpenDSS  |2 eng 
650 4 |a Python  |2 eng 
650 4 |a algorithm  |2 eng 
650 4 |a program extension  |2 eng 
650 4 |a simulation  |2 eng 
650 4 |a distributed production  |2 eng 
650 4 |a PV systems  |2 eng 
700 1 |a Bendík, Jozef  |u 032000  |k Z2  |4 ths  |U FEI Fakulta elektrotechniky a informatiky  |T FEI Ústav elektroenergetiky a aplikovanej elektrotechniky  |X 6068  |U E020  |Y 548  |7 A000006068 
856 4 |u https://opac.crzp.sk/?fn=detailBiblioForm&sid=7E417B54B864B7C45E26F64635AB&seo=CRZP-detail-kniha